Regions of the Ukrainian People's Republic in 1918 on a Map - Statistics

General Stats
  • This quiz has been taken 164 times
  • The average score is 4 of 32
Answers on the Map
Answers color-coded by a green-red scale on the quiz's map according to % correct below.
 
Answer Stats
Region % Correct
Kyiv
98%
Kharkiv
63%
Odesa
53%
Volhynia
27%
Zaporizhzhia
25%
Azov
10%
Sich
10%
Bolokhiv
6%
Chernihivshchyna
6%
Drehovych
6%
Pidliashshia
6%
Podillia
6%
Bratslavshchyna
4%
Cherkashchyna
4%
Derevsk
4%
Donechchyna
4%
Nove Zaporizhzhia
4%
Nyz
4%
Pereiaslavshchyna
4%
Pobozhzhia
4%
Podnistrovia
4%
Podonnia
4%
Pohoryna
4%
Polovetsk
4%
Poltavshchyna
4%
Pomoria
4%
Porossia
4%
Posemia
4%
Posullia
4%
Samara
4%
Sivershchyna
4%
Slobozhanshchyna
4%
No matching quizzes found
Score Distribution
Percent of People with Each Score
Percentile by Number Answered
Your Score History
You have not taken this quiz